Countries Bordering One Border Countries - Statistics

General Stats
  • This quiz has been taken 804 times
  • The average score is 12 of 15
Answer Stats
Country % Correct
United Kingdom
90%
Indonesia
86%
Ireland
86%
South Africa
86%
Dominican Republic
85%
Haiti
85%
North Korea
85%
Italy
84%
United States
84%
Spain
82%
Germany
75%
France
73%
Malaysia
73%
Saudi Arabia
71%
Senegal
69%
No matching quizzes found
Score Distribution
Percent of People with Each Score
Percentile by Number Answered
Your Score History
You have not taken this quiz